El uso de técnicas C.V.U. en apoyo de decisiones alternativas (Registro nro. 23892)

Detalles MARC
000 -LEADER
fixed length control field 00405 a2200121 4500
001 - CONTROL NUMBER
control field ART_9824
005 - DATE AND TIME OF LATEST TRANSACTION
control field 20260410161839.0
008 - FIXED-LENGTH DATA ELEMENTS--GENERAL INFORMATION
fixed length control field 260409a
100 1# - MAIN ENTRY--PERSONAL NAME
Personal name Yardin, Amaro Ramón
245 10 - TITLE STATEMENT
Title El uso de técnicas C.V.U. en apoyo de decisiones alternativas
700 1# - ADDED ENTRY--PERSONAL NAME
Personal name Rodríguez Jauregui, Hugo A.
773 0# - HOST ITEM ENTRY
Title Contabilidad y administración
Related parts - Año 6, Nº 72 (jun. 1983)
Record control number REV5485

No hay ítems disponibles.